| 000 | 00439nam a22001697a 4500 | ||
|---|---|---|---|
| 999 |
_c530166 _d530166 |
||
| 003 | NUST | ||
| 005 | 20191011153635.0 | ||
| 020 | _a978-0415415262 | ||
| 024 | _a0415415268 | ||
| 038 | _aMSOHAIL | ||
| 082 | _a0 | ||
| 100 |
_aJohn Glasson _913203 |
||
| 245 | _aRegional planning the natural and built environment series 2007 | ||
| 260 |
_aNew York _bRoutledge _c2007 |
||
| 300 |
_a336; p;, _c6.1 x 0.8 x 9.2 inches _eH/B |
||
| 942 |
_2ddc _cBK |
||